The home of the future is here. (Record no. 60933)
[ view plain ]
| 000 -LEADER | |
|---|---|
| fixed length control field | 00692cam a2200193 4500 |
| 001 - CONTROL NUMBER | |
| control field | AS61221 |
| 008 - FIXED-LENGTH DATA ELEMENTS--GENERAL INFORMATION | |
| fixed length control field | 000000n1999 000 0 eng u |
| 035 ## - SYSTEM CONTROL NUMBER | |
| System control number | (Sirsi) u101821 |
| 100 ## - MAIN ENTRY--PERSONAL NAME | |
| Personal name | Forshaw, R. |
| 245 #4 - TITLE STATEMENT | |
| Title | The home of the future is here. |
| 260 ## - PUBLICATION, DISTRIBUTION, ETC. | |
| Date of publication, distribution, etc. | 1999 |
| 490 ## - SERIES STATEMENT | |
| Series statement | Housing Today |
| Volume/sequential designation | (149) 2 September 1999, 14-15(2) |
| 520 ## - SUMMARY, ETC. | |
| Summary, etc. | Reviews the Integer house, intended to be 'intelligent and green'. The estimated fuel bill for a year is £40. A demo house has been completed and so far there are plans to build 200 houses. |
| 650 ## - SUBJECT ADDED ENTRY--TOPICAL TERM | |
| Topical term or geographic name entry element | INTEGER HOUSE |
| 650 ## - SUBJECT ADDED ENTRY--TOPICAL TERM | |
| Topical term or geographic name entry element | GREEN HOMES |
| 650 ## - SUBJECT ADDED ENTRY--TOPICAL TERM | |
| Topical term or geographic name entry element | Sustainability |
| 9 (RLIN) | 6271 |
| 690 ## - LOCAL SUBJECT ADDED ENTRY--TOPICAL TERM (OCLC, RLIN) | |
| Topical term or geographic name as entry element | ENVIRONMENTAL AND LAND CONSULTANCY |
| 942 ## - ADDED ENTRY ELEMENTS (KOHA) | |
| Suppress in OPAC | 0 |
| Withdrawn status | Lost status | Source of classification or shelving scheme | Damaged status | Not for loan | Home library | Current library | Shelving location | Date acquired | Total Checkouts | Full call number | Barcode | Date last seen | Copy number | Price effective from | Koha item type |
|---|---|---|---|---|---|---|---|---|---|---|---|---|---|---|---|
| Dewey Decimal Classification | London | London | Journal article | 11/11/1999 | ABS61221 | 101821-1001 | 06/08/2019 | 1 | 06/08/2019 | Journal article |